[Event "Bhubaneswar op-A 14th"]
[Site "Bhubaneswar"]
[Date "2023.06.14"]
[Round "5"]
[White "Anushka, Gupta"]
[Black "Arnav, Dhamija"]
[Result "1-0"]
[WhiteElo "1742"]
[BlackElo "1537"]
[PlyCount "89"]
[EventDate "2023.06.11"]
[EventType "swiss"]
[EventRounds "10"]
[EventCountry "IND"]
[SourceTitle "CBM 214 Extra"]
[Source "ChessBase"]
[SourceDate "2023.07.31"]
[SourceVersion "1"]
[SourceVersionDate "2023.07.31"]
[SourceQuality "1"]

1. e4 c5 2. Ne2 e6 3. Nbc3 a6 4. a4 Nc6 5. g3 Nf6 6. Bg2 d5 7. exd5 exd5 8. d4 cxd4 9. Nxd4 Bc5 10. Be3 Nxd4 11. Bxd4 Qe7+ 12. Kf1 0-0 13. h3 Bf5 14. Kg1 Bxd4 15. Qxd4 Bxc2 16. Kh2 Rfd8 17. Rhe1 Qd7 18. Re5 Be4 19. f3 Bc2 20. h4 Qd6 21. Bh3 Re8 22. f4 Re7 23. Rae1 Rae8 24. R1e3 Kf8 25. Kg1 h6 26. Kf2 Qc6 27. Qb4 Be4 28. Ne2 Qc2 29. Rc3 Qd2 30. Rxe7 Qxe2+ 31. Kxe2 Rxe7 32. Rc8+ Ne8 33. Kd2 f5 34. Rb8 d4 35. Qxd4 Kf7 36. Bf1 Nf6 37. Rd8 Rc7 38. Bd3 Bc6 39. h5 Nxh5 40. Qe5 Rd7 41. Qe8+ Kf6 42. Qf8+ Ke6 43. Qxf5+ Ke7 44. Rxd7+ Bxd7 45. Qxh5 1-0

[Event "Bhubaneswar op-A 14th"]
[Site "Bhubaneswar"]
[Date "2023.06.13"]
[Round "4"]
[White "Ziatdinov, Raset"]
[Black "Arnav, Dhamija"]
[Result "1-0"]
[WhiteElo "2101"]
[BlackElo "1537"]
[PlyCount "137"]
[EventDate "2023.06.11"]
[EventType "swiss"]
[EventRounds "10"]
[EventCountry "IND"]
[SourceTitle "CBM 214 Extra"]
[Source "ChessBase"]
[SourceDate "2023.07.31"]
[SourceVersion "1"]
[SourceVersionDate "2023.07.31"]
[SourceQuality "1"]

1. e4 c5 2. Nf3 e6 3. d4 cxd4 4. Nxd4 Nc6 5. Nc3 Qc7 6. Be2 a6 7. 0-0 Nf6 8. Nxc6 bxc6 9. f4 d5 10. e5 Nd7 11. Qd3 a5 12. Qg3 Ba6 13. Bxa6 Rxa6 14. Kh1 g6 15. b3 Be7 16. Bb2 0-0 17. Rae1 Nc5 18. Ba3 Nb7 19. Bxe7 Qxe7 20. Qh3 f5 21. exf6 Rxf6 22. f5 Qf8 23. g4 exf5 24. gxf5 Rxf5 25. Rxf5 Qxf5 26. Qxf5 gxf5 27. Re5 Nd6 28. Re6 Ne4 29. Nxd5 Kf7 30. Nc7 Rb6 31. a4 Nc3 32. Re5 Rb7 33. Rxf5+ Kg6 34. Rc5 Rxc7 35. Rxc3 c5 36. Kg2 Kf5 37. Kf2 Ke4 38. Rc4+ Kd5 39. Rh4 c4 40. Rh5+ Ke4 41. Rxa5 cxb3 42. cxb3 Rc2+ 43. Kg3 Rc3+ 44. Kg4 Rxb3 45. h4 Rb7 46. Kg5 Rc7 47. Kh6 Kf4 48. Rg5 Ra7 49. a5 Kf3 50. Rb5 Kg4 51. h5 Kf4 52. Rb4+ Kf5 53. Ra4 Ke5 54. a6 Kf5 55. Ra1 Kf6 56. Ra5 Ke6 57. Kg5 Kd6 58. Kf6 Kc6 59. Re5 Kd6 60. h6 Rd7 61. Re6+ Kd5 62. Re7 Rd6+ 63. Kg7 Rxa6 64. Kxh7 Kd6 65. Re1 Ra2 66. Rg1 Ke6 67. Kg6 Ke7 68. h7 Rh2 69. Kg7 1-0